Hore Váhom, dole Váhom: od mora k moru Využije považský región svoje prednosti?
Realizácia projektu Vážskej vodnej cesty, spájajúcej sever a juh Európy. Strategický význam Vážskej vodnej cesty. Budovanie jednotlivých prevádzok a vodných diel na úseku Komárno - Žilina v troch etapách s predpokladom ukončenia po roku 2000. Tri segmenty projektu - vodná cesta, vodné elektrárne a e...
Salvato in:
| Autore principale: | |
|---|---|
| Natura: | Capitolo di libro |
| Lingua: | slovacco |
| Soggetti: | |
| Tags: |
Nessun Tag, puoi essere il primo ad aggiungerne!!
|
MARC
| LEADER | 00000naa a2200000 4500 | ||
|---|---|---|---|
| 001 | r016033 | ||
| 005 | 20221205090922.7 | ||
| 041 | 0 | |a slo | |
| 044 | |a SK | ||
| 245 | 1 | 0 | |a Hore Váhom, dole Váhom: od mora k moru |b Využije považský región svoje prednosti? |c Ľudmila Lipianska |
| 520 | |a Realizácia projektu Vážskej vodnej cesty, spájajúcej sever a juh Európy. Strategický význam Vážskej vodnej cesty. Budovanie jednotlivých prevádzok a vodných diel na úseku Komárno - Žilina v troch etapách s predpokladom ukončenia po roku 2000. Tri segmenty projektu - vodná cesta, vodné elektrárne a ekologické stavby. Atraktivita regiónu Považia. Perspektívy vytvárania zvláštnej hospodárskej zóny od Bratislavy až po Krakov. | ||
| 610 | 2 | 0 | |a doprava vodná |
| 610 | 2 | 0 | |a diela vodné |
| 610 | 2 | 0 | |a stavby vodné |
| 610 | 2 | 0 | |a elektrárne vodné |
| 610 | 2 | 0 | |a sever-juh |
| 610 | 2 | 0 | |a cesty vodné |
| 610 | 2 | 0 | |a Váh |
| 100 | 1 | |a Lipianska, Ľudmila | |